[Event "World University-ch (Women) 12th"]
[Site "Guimaraes"]
[Date "2012.08.25"]
[Round "9"]
[White "Castro Chabuza, Diana"]
[Black "Anu, Bayar"]
[Result "0-1"]
[WhiteElo "1769"]
[BlackElo "2036"]
[PlyCount "62"]
[EventDate "2012.08.20"]
[EventType "swiss"]
[EventRounds "9"]
[EventCountry "POR"]
[SourceTitle "CBM 150 Extra"]
[Source "ChessBase"]
[SourceDate "2012.10.19"]
[SourceVersion "1"]
[SourceVersionDate "2012.10.19"]
[SourceQuality "1"]

1. e4 c5 2. Nf3 a6 3. Nc3 Nc6 4. Be2 g6 5. d4 cxd4 6. Nxd4 Bg7 7. Be3 Nf6 8. Qd2 0-0 9. 0-0-0 d5 10. Nxc6 bxc6 11. exd5 Nxd5 12. Nxd5 cxd5 13. Qxd5 Qc7 14. Qc4 Qb7 15. Bd4 Be6 16. Qc3 Bh6+ 17. Kb1 Rfc8 18. Bf3 Qb5 19. Qd3 Qa5 20. b3 Rab8 21. h4 Rd8 22. Qc3 Qb5 23. Be5 Rdc8 24. Qd4 Bf5 25. Rc1 Bxc1 26. Rxc1 Rb6 27. g4 Be6 28. h5 f6 29. Bg3 Qb4 30. Qd3 Qc3 31. Qe4 Bxb3 0-1

[Event "World University-ch (Women) 12th"]
[Site "Guimaraes"]
[Date "2012.08.24"]
[Round "8"]
[White "Bilegjargal, Bayasgalan"]
[Black "Castro Chabuza, Diana"]
[Result "1/2-1/2"]
[WhiteElo "1841"]
[BlackElo "1769"]
[PlyCount "328"]
[EventDate "2012.08.20"]
[EventType "swiss"]
[EventRounds "9"]
[EventCountry "POR"]
[SourceTitle "CBM 150 Extra"]
[Source "ChessBase"]
[SourceDate "2012.10.19"]
[SourceVersion "1"]
[SourceVersionDate "2012.10.19"]
[SourceQuality "1"]

1. d4 d5 2. c4 c6 3. Nf3 Nf6 4. Nc3 e6 5. Bg5 Nbd7 6. a3 Be7 7. e3 0-0 8. Bd3 a6 9. c5 e5 10. dxe5 Ng4 11. Bf4 Nxc5 12. Bc2 f6 13. exf6 Nxf6 14. h3 Bd6 15. Bxd6 Qxd6 16. 0-0 Qe7 17. Qd4 Ne8 18. Qe5 Qxe5 19. Nxe5 Nd6 20. Rad1 Bf5 21. Bxf5 Nxf5 22. b4 Ne6 23. e4 dxe4 24. Nxe4 Nfd4 25. Nd7 Rf7 26. Ndc5 Ne2+ 27. Kh2 Nxc5 28. Nxc5 Raf8 29. f3 Nc3 30. Rd3 Nd5 31. Re1 h6 32. Rd2 Ra8 33. Rd4 b6 34. Ne4 a5 35. b5 Ne7 36. Nd6 Nf5 37. Nxf5 Rxf5 38. bxc6 Rc5 39. Rd6 Rc8 40. Ree6 b5 41. h4 b4 42. axb4 axb4 43. Re4 Rb5 44. Rdd4 b3 45. Rb4 Rxb4 46. Rxb4 Rxc6 47. Rxb3 Kf7 48. Rb5 g6 49. Kh3 Kf6 50. Rd5 Ra6 51. Rc5 Rb6 52. Kg4 Rb4+ 53. Kh3 Rb6 54. g4 g5 55. Rf5+ Kg6 56. h5+ Kg7 57. Kg3 Ra6 58. Rd5 Kf6 59. Kf2 Re6 60. Rd4 Kg7 61. Re4 Rd6 62. Ke3 Kf6 63. Re8 Kf7 64. Re5 Kf6 65. Rf5+ Kg7 66. Ke4 Ra6 67. Rd5 Kf6 68. Rf5+ Kg7 69. Rd5 Kf6 70. Rd4 Re6+ 71. Kd3 Ra6 72. Ke3 Rb6 73. Rd7 Ra6 74. Rh7 Ke5 75. Rf7 Ke6 76. Rh7 Ke5 77. Rg7 Rb6 78. Rf7 Ke6 79. Rf5 Ra6 80. Rc5 Kf6 81. Rc3 Rb6 82. Rc4 Ra6 83. f4 gxf4+ 84. Kxf4 Ra7 85. Rc6+ Kg7 86. Rg6+ Kh7 87. Re6 Kg7 88. Kf5 Rf7+ 89. Ke5 Ra7 90. Rg6+ Kh7 91. Rd6 Rg7 92. Kf5 Rg5+ 93. Kf4 Rg7 94. Re6 Rf7+ 95. Ke3 Rg7 96. Re4 Ra7 97. Kf4 Kg7 98. Kf5 Rf7+ 99. Ke6 Rf6+ 100. Ke5 Rf7 101. Rd4 Re7+ 102. Kf5 Rf7+ 103. Ke6 Rf6+ 104. Ke5 Rf7 105. Rd6 Kh7 106. Rg6 Ra7 107. Re6 Rg7 108. Kf4 Rf7+ 109. Ke3 Rg7 110. Re4 Ra7 111. Kd4 Kg7 112. Ke5 Ra5+ 113. Ke6 Ra6+ 114. Kf5 Ra7 115. Re6 Rf7+ 116. Ke5 Ra7 117. Rd6 Re7+ 118. Kf5 Rf7+ 119. Ke5 Re7+ 120. Re6 Ra7 121. Kd6 Ra6+ 122. Kd7 Ra7+ 123. Kc8 Ra8+ 124. Kb7 Rf8 125. Kc7 Ra8 126. Kd7 Ra7+ 127. Kc8 Rf7 128. Kd8 Rf4 129. Rg6+ Kh7 130. Ke7 Re4+ 131. Kf7 Rf4+ 132. Ke6 Re4+ 133. Kf5 Ra4 134. Re6 Ra5+ 135. Kf6 Rg5 136. Re7+ Kh8 137. Re4 Kh7 138. Kf7 Rg7+ 139. Kf6 Rg5 140. Re7+ Kh8 141. Re8+ Kh7 142. Re4 Kh8 143. Kf7 Rg7+ 144. Kf8 Rg8+ 145. Kf7 Rg7+ 146. Kf6 Rg5 147. Rd4 Kh7 148. Rd7+ Kh8 149. Rd8+ Kh7 150. Rd4 Kh8 151. Re4 Kh7 152. Ra4 Kh8 153. Rd4 Kh7 154. Rd7+ Kh8 155. Rd8+ Kh7 156. Rd7+ Kh8 157. Rd4 Kh7 158. Rc4 Kh8 159. Rf4 Kh7 160. Ke7 Kh8 161. Rf8+ Kh7 162. Rf7+ Kh8 163. Rf8+ Kh7 164. Rf4 Kh8 1/2-1/2

[Event "World University-ch (Women) 12th"]
[Site "Guimaraes"]
[Date "2012.08.20"]
[Round "2"]
[White "Ribeiro, Joana"]
[Black "Castro Chabuza, Diana"]
[Result "1-0"]
[WhiteElo "1477"]
[BlackElo "1769"]
[PlyCount "139"]
[EventDate "2012.08.20"]
[EventType "swiss"]
[EventRounds "9"]
[EventCountry "POR"]
[SourceTitle "CBM 150 Extra"]
[Source "ChessBase"]
[SourceDate "2012.10.19"]
[SourceVersion "1"]
[SourceVersionDate "2012.10.19"]
[SourceQuality "1"]

1. e4 c5 2. Nf3 d6 3. Bc4 e6 4. a3 a6 5. 0-0 Ne7 6. Nc3 Nec6 7. Ne2 b5 8. Ba2 Bb7 9. c3 c4 10. a4 Nd7 11. Ng3 Nc5 12. b3 cxb3 13. Bxb3 Nxb3 14. Qxb3 Na5 15. Qb1 Qb6 16. d3 Bc6 17. Be3 Qb7 18. Nd4 Bd7 19. axb5 axb5 20. Qa2 e5 21. Nb3 Be7 22. Nxa5 Qc7 23. Rfb1 Bd8 24. Rb3 Rxa5 25. Qxa5 Qxa5 26. Rxa5 Bxa5 27. Bd2 g6 28. Bh6 Ke7 29. f4 Rc8 30. Ne2 Bb6+ 31. Kf1 Ra8 32. fxe5 Ra1+ 33. Nc1 Bc5 34. d4 Ba3 35. exd6+ Kxd6 36. Rxa3 Rb1 37. Rb3 Ra1 38. Bf8+ Ke6 39. Ba3 f5 40. exf5+ Kxf5 41. Ke1 Ke4 42. Bb2 Ra6 43. Kd2 Rf6 44. Nd3 Kd5 45. Ra3 Bf5 46. Ra5 Rb6 47. Ba3 h5 48. Bc5 Rb7 49. Ne5 Ke4 50. Ra6 g5 51. Rb6 Rxb6 52. Bxb6 Be6 53. Nf3 Kf5 54. Ke3 Bd5 55. g3 Kg4 56. Ng1 Bc6 57. Bc7 Kf5 58. Nh3 Kg4 59. Ng1 Kf5 60. Bd8 Kg4 61. Be7 Bd5 62. Ne2 Bc6 63. h4 gxh4 64. gxh4 Bb7 65. Nf4 Bc6 66. d5 Bd7 67. Nd3 Kf5 68. Kd4 Bc8 69. Nc5 Kg6 70. d6 1-0

[Event "Pan American U16 Girls"]
[Site "Bento Goncalves"]
[Date "2010.08.03"]
[Round "3"]
[White "Jorquera Cabello, Valentina Paz"]
[Black "Castro Chabuza, Diana"]
[Result "1-0"]
[WhiteElo "1971"]
[BlackElo "1837"]
[PlyCount "57"]
[EventDate "2010.08.02"]
[EventType "swiss"]
[EventRounds "9"]
[EventCountry "BRA"]
[SourceTitle "EXT 2013"]
[Source "ChessBase"]
[SourceDate "2012.11.22"]
[SourceVersion "1"]
[SourceVersionDate "2012.11.22"]
[SourceQuality "1"]

1. e4 c5 2. Nf3 e6 3. d3 d5 4. Nbd2 Nf6 5. g3 Be7 6. Bg2 0-0 7. 0-0 h6 8. e5 Nfd7 9. Re1 Nc6 10. Nf1 Qc7 11. Qe2 b6 12. h4 Bb7 13. Bf4 Rfe8 14. g4 Nf8 15. Qd2 Ng6 16. Bg3 Qd8 17. h5 Nh4 18. N1h2 Nxg2 19. Kxg2 Na5 20. Kg1 d4 21. Bf4 c4 22. g5 hxg5 23. Bxg5 Bxg5 24. Nxg5 Rc8 25. Ng4 Qd5 26. Ne4 Kf8 27. h6 Ke7 28. hxg7 Kd8 29. Ngf6 1-0